Groupes de choses - Départements - Statistiques

Statistiques générales
  • Ce quiz a été pris 421 fois
  • Le résultat moyen est 26 sur 39
Statistiques - réponses
Indice Réponse % Correct
Iles Martinique
89%
Iles Guadeloupe
88%
Montagnes et Monts Jura
85%
Iles La Réunion
84%
Iles Mayotte
84%
Montagnes et Monts Pyrénées Orientales
84%
Montagnes et Monts Alpes Maritimes
83%
Provinces ou territoires Alpes Maritimes
83%
Iles Corse du Sud
83%
Iles Haute Corse
83%
Montagnes et Monts Hautes Alpes
82%
Montagnes et Monts Pyrénées Atlantiques
82%
Montagnes et Monts Hautes Pyrénées
80%
Montagnes et Monts Vosges
80%
Montagnes et Monts Alpes de Haute Provence
77%
Provinces ou territoires Alpes de Haute Provence
77%
Villes Paris
77%
Situation géographique Nord
76%
Provinces ou territoires Savoie
67%
Provinces ou territoires Haute Savoie
65%
Situation géographique Finistère
64%
Etendue végétale Landes
64%
Montagnes et Monts Puy de Dôme
64%
Villes Territoire de Belfort
64%
Côtes de plans d'eau Côtes d'Armor
61%
Poésie Côte d'Or
58%
Côtes de plans d'eau Pas de Calais
56%
Villes Pas de Calais
56%
Provinces ou territoires Guyane
55%
Montagnes et Monts Ardennes
52%
Montagnes et Monts Cantal
51%
Côtes de plans d'eau Morbihan
51%
Côtes de plans d'eau Manche
47%
Côtes de plans d'eau Calvados
42%
Montagnes et Monts Vaucluse
40%
Villes Vaucluse
40%
Montagnes et Monts Lozère
38%
Etendue végétale Yvelines
34%
Villes Seine Saint Denis
33%
Aucun quiz correspondant
Distribution des résultats
% des personnes avec chaque résultat
Percentile par nombre de réponses
Votre historique - résultats
Vous n’avez pas pris ce quiz